000 00339nam a2200133Ia 4500
008 220216s9999 xx 000 0 und d
100 _aMernagh L R
245 0 _aRadial tyres and their influence on polymer usage
260 _bRubber Developments
_c1965
300 _a98-100
650 _aPolymer
650 _aRadial tyres
942 _cJS
999 _c66240
_d66240